The future development of air transport in the United Kingdom (Record no. 102828)
[ view plain ]
| 000 -LEADER | |
|---|---|
| fixed length control field | 00964cam a2200253 4500 |
| 001 - CONTROL NUMBER | |
| control field | J122315 |
| 008 - FIXED-LENGTH DATA ELEMENTS--GENERAL INFORMATION | |
| fixed length control field | 030512n2003 000 0 eng u |
| 035 ## - SYSTEM CONTROL NUMBER | |
| System control number | (Sirsi) u122315 |
| 041 ## - LANGUAGE CODE | |
| Language code of text/sound track or separate title | eng |
| 050 ## - LIBRARY OF CONGRESS CALL NUMBER | |
| Classification number | 711.78 |
| -- | 18 |
| 110 ## - MAIN ENTRY--CORPORATE NAME | |
| Corporate name or jurisdiction name as entry element | DfT |
| 9 (RLIN) | 4403 |
| 240 ## - UNIFORM TITLE | |
| Uniform title | Aviation White Paper |
| 245 #4 - TITLE STATEMENT | |
| Title | The future development of air transport in the United Kingdom |
| Remainder of title | a national consultation |
| 260 ## - PUBLICATION, DISTRIBUTION, ETC. | |
| Place of publication, distribution, etc. | London |
| Name of publisher, distributor, etc. | DfT |
| Date of publication, distribution, etc. | 2003 |
| 520 ## - SUMMARY, ETC. | |
| Summary, etc. | Consultation on aviation capacity in the UK which aims to examine and decide how the nation's air services and airports should develop over the next 30 years. View at www.aviation.dft.gov.uk. |
| 650 ## - SUBJECT ADDED ENTRY--TOPICAL TERM | |
| Topical term or geographic name entry element | AIRPORT EXPANSION |
| 650 ## - SUBJECT ADDED ENTRY--TOPICAL TERM | |
| Topical term or geographic name entry element | AIRPORT DEVELOPMENT |
| 650 ## - SUBJECT ADDED ENTRY--TOPICAL TERM | |
| Topical term or geographic name entry element | RUNWAYS |
| 690 ## - LOCAL SUBJECT ADDED ENTRY--TOPICAL TERM (OCLC, RLIN) | |
| Topical term or geographic name as entry element | TRANSPORT AND COMMUNICATIONS |
| 710 ## - ADDED ENTRY--CORPORATE NAME | |
| Corporate name or jurisdiction name as entry element | Scottish Executive |
| 9 (RLIN) | 3811 |
| 710 ## - ADDED ENTRY--CORPORATE NAME | |
| Corporate name or jurisdiction name as entry element | NAFW |
| 9 (RLIN) | 3812 |
| 856 ## - ELECTRONIC LOCATION AND ACCESS | |
| Uniform Resource Identifier | <a href="https://www.aviation.dft.gov.uk/consult/airconsult/index.htm">https://www.aviation.dft.gov.uk/consult/airconsult/index.htm</a> |
| Hours access method available | View the consultation on the DfT website... |
| 942 ## - ADDED ENTRY ELEMENTS (KOHA) | |
| Suppress in OPAC | 0 |
| Withdrawn status | Lost status | Source of classification or shelving scheme | Damaged status | Not for loan | Home library | Current library | Shelving location | Date acquired | Total Checkouts | Full call number | Barcode | Date last seen | Copy number | Price effective from | Koha item type |
|---|---|---|---|---|---|---|---|---|---|---|---|---|---|---|---|
| Dewey Decimal Classification | Virtual | Virtual | Online | 19/05/2003 | ONLINE PUBLICATION | 122315-1001 | 06/08/2019 | 1 | 06/08/2019 | Book |